000 00469nam a2200181Ia 4500
001 72140
008 160401s9999 xx 000 0 und d
020 _a9780847831005
040 _cPK-LaUMT
082 _a 711.4
_bMOR-G
100 _aMorpurgo, Guido
245 _aGregotti & associates
_bthe architecture of urban design
_cMorpurgo, Guido
260 _aNew York,USA:
_bRizzoli,
_c2008
300 _a311 p.
546 _aEN
650 _aCity planning
942 _cBK
999 _c85126
_d85126